000 00673cab a2200241 4500
001 WB3326-06
008 090401t1997 xxu||||| |||| 00| 0 eng d
035 _a(Sirsi) u79384
041 _aeng
245 _aLeading firms upbeat
260 _c1997
350 _a0
490 _aBirmingham Post
_v27 June 1997, 44(1)
520 _aDTZ Debenham Thorpe and Lambert Smith Hampton both confirm better than expected financial performances.
650 _aDTZ DEBENHAM THORPE
650 _aLAMBERT SMITH HAMPTON
650 _aPROFITS
650 _aRECOVERY
650 _aSURVEYING FIRMS
690 _aCOMMERICAL PROPERTY-MARKET
942 _n0
948 _c02/07/1997
999 _c49894
_d49894